000 00472nam a2200169Ia 4500
008 090201s9999 xx 000 0 und d
010 _aKPL-12815
040 _bइंग्रजी
041 _aइंग्रजी
082 _a23971
_b12815
100 _aacharya rajneesh
245 _atowards the unknown
_cacharya rajneesh
260 _c2004
_bishwarlal n shah publications
300 _a51
_bमोठा
600 _atowards the unknown
942 _cBOOK
999 _c223386
_d223386